Southville International School and Colleges
Your cart is empty.
  • Cart
  • Lists
    Public lists Eva Luna New books Lux_list list_1
    Your lists Log in to create your own lists
  • Log in to your account
  • Your cookies
  • Search history
Southville International School and Colleges
  • Advanced search
  • Recent comments
  • Most popular
  • Libraries

Log in to your account

Log in with GOOGLE


If you do not have an external account, but do have a local account, you can still log in:

  1. Home
  2. MARC view: At work in the differentiated classroom :
Normal view MARC view ISBD view

At work in the differentiated classroom : (Record no. 12637)

[ view plain ]
MARC details
000 -LEADER
fixed length control field 00816nam a22002177a 4500
003 - CONTROL NUMBER IDENTIFIER
control field OSt
005 - DATE AND TIME OF LATEST TRANSACTION
control field 20160610154120.0
008 - FIXED-LENGTH DATA ELEMENTS--GENERAL INFORMATION
fixed length control field 131002t xxu||||| |||| 00| 0 eng d
020 ## - INTERNATIONAL STANDARD BOOK NUMBER
International Standard Book Number 9780871204875
050 ## - LIBRARY OF CONGRESS CALL NUMBER
Classification number LB 1031
Item number .W926 2001
082 ## - DEWEY DECIMAL CLASSIFICATION NUMBER
Classification number GLT 375.3711
Item number At9 2001
245 ## - TITLE STATEMENT
Title At work in the differentiated classroom :
Remainder of title facilitator's guide /
260 ## - PUBLICATION, DISTRIBUTION, ETC. (IMPRINT)
Place of publication, distribution, etc Alexandria, Va :
Name of publisher, distributor, etc Association for Supervision and Curriculum Development,
Date of publication, distribution, etc 2001.
300 ## - PHYSICAL DESCRIPTION
Extent 195 p. :
Other physical details ill. ;
Dimensions 30 cm.
650 ## - SUBJECT ADDED ENTRY--TOPICAL TERM
Topical term or geographic name as entry element Curriculum planning (Differentiated instruction)
General subdivision United States.
9 (RLIN) 22752
650 ## - SUBJECT ADDED ENTRY--TOPICAL TERM
Topical term or geographic name as entry element Effective teaching
General subdivision United States.
9 (RLIN) 22753
650 ## - SUBJECT ADDED ENTRY--TOPICAL TERM
Topical term or geographic name as entry element Academic achievement
General subdivision United States.
9 (RLIN) 22754
650 ## - SUBJECT ADDED ENTRY--TOPICAL TERM
Topical term or geographic name as entry element Research-based instructional strategies
General subdivision United States.
9 (RLIN) 22755
942 ## - ADDED ENTRY ELEMENTS (KOHA)
Source of classification or shelving scheme Library of Congress Classification
Koha item type Books
Holdings
Withdrawn status Lost status Source of classification or shelving scheme Damaged status Home library Current library Shelving location Date acquired Source of acquisition Total Checkouts Full call number Barcode Date last seen Date checked out Copy number Price effective from Koha item type
    Library of Congress Classification   Luxembourg Library Luxembourg Library Genevive Ledesma - Tan Section 10/02/2013 Donation 3 LB 1031 .W926 2001 12008 06/05/2015 06/03/2015 1 10/02/2013 Books

At work in the differentiated classroom :

APA

(2001). At work in the differentiated classroom. Alexandria, Va: Association for Supervision and Curriculum Development.

Chicago

2001. At work in the differentiated classroom. Alexandria, Va: Association for Supervision and Curriculum Development.

Harvard

(2001). At work in the differentiated classroom. Alexandria, Va: Association for Supervision and Curriculum Development.

MLA

At work in the differentiated classroom. Alexandria, Va: Association for Supervision and Curriculum Development. 2001.

  • Place hold
  • Print
  • Cite
  • Add to your cart (remove)
  • Save record
    BIBTEX Dublin Core MARCXML MARC (non-Unicode/MARC-8) MARC (Unicode/UTF-8) MARC (Unicode/UTF-8, Standard) MODS (XML) RIS
  • More searches
    Search for this title in:
    Other Libraries (WorldCat) Other Databases (Google Scholar) Online Stores (Bookfinder.com) Open Library (openlibrary.org)

Exporting to Dublin Core...

SOUTHVILLE LIBRARY

Southville International School and Colleges Library

1281 Tropical Ave. Cor. Luxembourg St., BF Homes International, Las Pinas City

Tel. No. 8256374 / 252358 Loc. 117/146

Powered by Koha